|
|
|
|
| LEADER |
00000cam a2200000 7i4500 |
| 001 |
0000003874 |
| 005 |
20220105103953.0 |
| 008 |
070720 |
| 020 |
|
|
|a 0709706839
|
| 090 |
0 |
0 |
|a JP
|b FT ENG (5091)
|
| 245 |
1 |
0 |
|a Fairy tales
|c Illustrated by Sandra Smith
|
| 260 |
|
|
|a England :
|b Brown watson ,
|c 2004
|
| 440 |
|
|
|a 366
|
| 500 |
|
|
|a Children age 4-6 years old (yellow)
|
| 650 |
|
0 |
|a English
|x Fiction
|
| 700 |
0 |
|
|a Smith,Sandra
|
| 999 |
|
|
|a 0000818100
|b Book
|c Children Collection
|e Cawangan Bandar Penawar
|
| 999 |
|
|
|a 0000818357
|b Book
|c Children Collection
|e Cawangan Mersing
|
| 999 |
|
|
|a 0000972043
|b Book
|c Children Collection
|e Perbadanan Perpustakaan Awam Johor
|